| 000 | 00880nam0a22002531 4500 | ||
|---|---|---|---|
| 001 | rc\2803011 | ||
| 005 | 20250529175258.0 | ||
| 035 | _a(NLR Aleph) 006929022 | ||
| 090 |
_a7527518 _c7527518 |
||
| 100 | _a20110915d1936 |||y0rusy50 ca | ||
| 101 | 0 | _arus | |
| 102 | _aRU | ||
| 105 | _aa z |||c| | ||
| 200 | 1 |
_aГероини колхозных полей _eОчерк о пятисотницах орденоносцах Верхней Хавы _fМ. Морев, Б. Гуревич |
|
| 210 |
_a[Воронеж] _cВорон. обл. кн-во _d1936 _gтип. изд-ва "Коммуна" |
||
| 215 |
_a45, [2] с. _cил. _d18х13 см. |
||
| 700 | 1 |
_aМорев _bМ.Н. _gМихаил Николаевич |
|
| 701 | 1 |
_aГуревич _bБ. |
|
| 801 | 0 |
_aRU _bNLR _gpsbo |
|
| 801 | 1 |
_aRU _bELAR _2rusmarc |
|
| 852 |
_aNLR _j36-9/165 |
||
| 942 | _cBOOK | ||
| 980 | _aNB | ||